000 00620nam a2200253Ia 4500
005 20260121160307.0
008 008 260114s9999 xx 000 0 eng d
020 _a9781315636610
037 _aEBOOK
040 _aCRL
040 _beng
040 _cCRL
041 _2eng
041 _aeng
084 _qCRL
100 _a Lee Lai To; Zarina Othman
_91030116
245 0 _aRegional Community Building in East Asia
260 _bTaylor and Francis
260 _c2017
856 _uhttp://www.taylorfrancis.com/books/9781315636610
942 _cEBOOK
999 _c1596932
_d1596932